000 01480cam a2200397 a 4500
001 729685
003 OSt
005 20140310182741.0
008 980610s1998 maua b 001 0 eng d
010 _a 98086418
020 _a0738200050
035 _a(OCoLC)40130103
040 _aOCoLC-P
_cOCoLC-P
_dOOxM
_dCoD
_dDLC
042 _alccopycat
050 0 0 _aHD 58.82
_b.Sh47 1998
100 1 _aSherman, Howard J.
245 1 0 _aOpen boundaries :
_bcreating business innovation through complexity /
_cHoward Sherman and Ron Schultz.
260 _aReading, Mass. :
_bPerseus Books,
_c1998.
300 _axvi, 232 p. :
_bill. ;
_c25 cm.
504 _aIncludes bibliographical references (p. 217-219) and index.
521 _aBSBA
562 _e for circulation. 1 copy available in the collection
650 0 _aOrganizational learning.
650 0 _aComplex organizations.
650 0 _aCreative ability in business.
650 0 _aTechnological innovations
_xManagement.
650 0 _aComplexity (Philosophy)
650 0 _aManagement.
700 1 _aSchultz, Ron,
_d1951-
856 7 _3Table of contents
_uhttp://lcweb.loc.gov/catdir/toc/98-86418.html
_2http
856 4 2 _3Publisher description
_uhttp://www.loc.gov/catdir/enhancements/fy0830/98086418-d.html
906 _a7
_bcbc
_ccopycat
_d2
_eopcn
_f19
_gy-gencatlg
942 _2lcc
_cBK
_kFOR
999 _c15561
_d15561